000 00324pab a2200145 454500
008 180718b1985 xxu||||| |||| 00| 0 eng d
100 _aSharma, P.D.
245 _aMobilising youth for consturctive work
260 _c1985
300 _a22-3
362 _a16 Oct.
650 _aYouth
773 _aYojana
909 _a21090
999 _c21090
_d21090